عرض عادي
عرض مارك
- التخطيط الإداري
مدخل مصطلح موضوعي
عدد التسجيلات المستخدمة في: 15
001 - رقم الضبط
- حقل الضبط: 2808
003 - معرف رقم الضبط
- حقل الضبط: OSt
005 - تاريخ ووقت أخر عملية
- حقل الضبط: 20110814004827.0
008 - عناصر بيانات ثابتة الطول
- حقل تحكم ثابت الطول: 110814|||a|||||| | ||| d
040 ## - مصدر الفهرسة
- هيئة الفهرسة الأصلية: OSt
- وكالة الكتابة: OSt
150 ## - مدخل-- مصطلح تاريخي
- عنصر مدخل المصطلح الموضوعي او الاسم الجغرافي: التخطيط الإداري
670 ## - بيانات المصدر موجوده
- الاستشهاد بالمصدر: Work cat.: (OSt)13360: المطيري، ثامر ملوح، 1379 هـ- 2805, فلسفة الفكر الإداري والتنظيمي :, 1990
